000 00565nam a22001697a 4500
003 SISC
005 20170606134339.0
008 170606b xxu||||| |||| 00| 0 eng d
020 _a9789719617426
050 _aHF 5726
_b.D35 2015
100 _aDe Belen, Rustico T.
245 _aElements of business and technical writing /
_cRustico T. De Belen, Bernadette Robis-Enriquez.
260 _aManila :
_bWiseman's Books Trading, Inc.,
_c2015.
300 _av, 145 pages :
_billustrations ;
_c22 cm.
500 _aIncludes bibliographical references.
942 _2lcc
_cBK
999 _c335209
_d335209